000 01028cad a22002655a 4500
001 E151390
008 101101s2008 xxk f 100 0 eng d
020 _a9781842194348
035 _a(Sirsi) u151390
041 0 _aeng
100 1 _aHegarty, Peter
111 2 _aConstruction and Building Research Conference
_cDublin Institute of Technology, Dublin
_d4-5 September 2008
245 0 2 _aA study of programming and progressing methods used on large developments in the north west of England
_h[electronic resource]
260 _aLondon
_bRICS
_c2008
520 _aA paper presented at the COBRA Conference 2008 in Dublin.
590 _aKA
650 2 4 _aCONSTRUCTION AND BUILDING RESEARCH CONFERENCE (COBRA)
651 4 _aEngland
_y886-
690 _aProject management
_96261
700 1 _aMcLoughlin, John
700 1 _aChen, Zhen
700 1 _aSarshar, Marjan
856 4 0 _uhttps://www.rics.org/site/scripts/download_info.aspx?fileID=3137&categoryID=525
_zView the item free of charge at www.rics.org
942 _n0
999 _c111332
_d111332